| 000 | 00893nam a2200217 a 4500 | ||
|---|---|---|---|
| 001 | 000023833 | ||
| 005 | 20250924073802.0 | ||
| 008 | 110114s1984 dr a 000 0 spa d | ||
| 040 |
_aDO-SdBNP _bspa _cBNPHU |
||
| 082 |
_axxx _bL697 |
||
| 245 | 0 | 0 |
_aLibro de índices de las publicaciones de la editora universitaria / _ceditor Ismael Paniagua ; Carmen O. Román de Jiménez, Ángela Socorro María García. |
| 260 |
_aSanto Domingo : _bUniversidad Autónoma de Santo Domingo, _c1984. |
||
| 300 |
_a268 p. : _bil. ; _c22 cm. |
||
| 490 | 1 |
_aPublicaciones de la Universidad Autónoma de Santo Domingo _v97 |
|
| 500 | _aIncluye índice de materias | ||
| 700 | 1 |
_aPaniagua, Ismael _eed. _974 |
|
| 700 | 1 |
_aRomán de Jiménez, Carmén O. _949046 |
|
| 700 | 1 |
_aGarcía, Ángela Socorro María _949047 |
|
| 830 |
_aPublicaciones de la Universidad Autónoma de Santo Domingo _v97 _952 |
||
| 049 | _aBNPD | ||
| 999 |
_c23329 _d23329 |
||